000 00654nam a2200253Ia 4500
003 OSt
005 20221007100450.0
006 a|||||r|||| 00| 0
007 ta
008 221006b |||||||| |||| 00| 0 eng d
024 _a4,456
037 _cTextual
040 _aLCO
_cLCO
_beng
041 _2eng
_aeng
082 _aZ2,71,11, M1
100 _aGANGULY S K
_9701737
245 0 _aCivil court
_b Practice and procedure
250 _a10
260 _aCalcutta
_bEastern law house
_c1981
300 _a1261
650 _aCIVIL COURT
_9701738
942 _hZ2,71,11, M1
_cTEXL
999 _c1174019
_d1174019